000 00396nam a2200157Ia 4500
008 230524s9999 xx 000 0 und d
082 _a954.052092
_bGOY
100 _aKaushal K. Goyal
_945121
245 0 _aA.P.J. Abdul Kalam : A Biography
250 _a1
260 _aDelhi
_bPigeon
_c2021
300 _a163p;
500 _aQuantity Number: 1
650 _aMiscellaneous
_91877
942 _cBK
999 _c60745
_d60745